Diaspora-Syria - Statistics

General Stats
  • This quiz has been taken 297 times
  • The average score is 18 of 22
Answer Stats
Number of immigrants Continent Country % Correct
4.000.000 South America Brazil
98%
3.611.834 Asia/ Europe Turkey
97%
700.000 Europe Germany
95%
154.560 North America United States of America
94%
500.000 South America Argentina
91%
252.772 Asia Iraq
89%
500.000-2.500.000 Asia Saudi Arabia
89%
40.840 North America Canada
88%
132.553 Africa Egypt
88%
950.334 Asia Lebanon
87%
671.148 Asia Jordan
84%
149.418 Europe Sweden
80%
250.000 Asia United Arab Emirates
80%
13.517 Oceania Australia
79%
88.204 Europe Greece
76%
15.638 South America Venezuela
70%
5.000-10.000 South America Colombia
69%
120.000 Asia Kuwait
66%
20.823 Europe Norway
66%
40.477 Europe Denmark
61%
18.000 Europe Austria
58%
10.000 Africa Algeria
57%
No matching quizzes found
Score Distribution
Percent of People with Each Score
Percentile by Number Answered
Your Score History
You have not taken this quiz